El lenguaje usado para persuadir : la propaganda y su aprovechamiento escolar /

Guardado en:
Autor Principal: Osorio, María del Carmen
Formato: Libro
Publicado: Buenos Aires : Plus Ultra
Series:Colección Didáctica del lenguaje y la comunicación / dirigida por Mabel V. Manacorda de Rosetti
Materias:
Etiquetas: Agregar Etiqueta
Sin Etiquetas, Sea el primero en etiquetar este registro!
LEADER 00819nam a22002175a 4500
001 CEM.cems012708
005 20070925163041.0
008 130507b######################000#0#####d
003 CEMS
082 0 4 |a 372.6 
100 1 |a Osorio, María del Carmen 
245 1 0 |a El lenguaje usado para persuadir :  |b la propaganda y su aprovechamiento escolar /  |c María Del Carmen Osorio 
260 |a Buenos Aires :  |b Plus Ultra 
300 |a 102 p. 
490 0 |a Colección Didáctica del lenguaje y la comunicación / dirigida por Mabel V. Manacorda de Rosetti 
505 0 |a La propaganda, el niño y la escuela -- Qué es la propaganda? -- El trabajo en el aula 
653 |a Educación 
653 |a Didáctica del lenguaje 
653 |a Propaganda 
653 |a Publicidad 
859 |a CEMS  |b BIB. CEMS - 11 de abril  |h 372.6  |i Os5  |p 23974.07  |t Ej.1